[Event "Hessen Senioren-ch 2012  8th"]
[Site "Bad Sooden-Adf. (14.4.-22.4)"]
[Date "2012.04.16"]
[Round "3.60"]
[White "Schmidt, Manfred Dr(37)"]
[Black "Bill, Eugen"]
[Result "1-0"]
[WhiteElo "1850"]
[BlackElo "1558"]
[PlyCount "53"]
[EventDate "2012.04.??"]
[EventType "swiss"]
[EventRounds "9"]
[EventCountry "GER"]
[WhiteTeam "Springe SV"]
[BlackTeam "Limburg Lahn SV"]

1. e4 e5 2. Nf3 Nc6 3. Bb5 a6 4. Ba4 Nf6 5. d4 b5 6. Bb3 Nxd4 7. Nxd4 exd4 8.
e5 Qe7 9. O-O Ng8 10. c3 Bb7 11. cxd4 Nh6 12. Nc3 Qh4 13. Nd5 Rc8 14. Qf3 Bxd5
15. Bxd5 c6 16. Bb3 Qe7 17. h4 Qxh4 18. Bxh6 gxh6 19. Qxf7+ Kd8 20. d5 Qe7 21.
Qf5 cxd5 22. Rac1 Rxc1 23. Rxc1 Bg7 24. f4 Rf8 25. Qc2 Ke8 26. Qc8+ Qd8 27.
Qxa6 1-0

[Event "Hessen Senioren-ch 2012  8th"]
[Site "Bad Sooden-Adf. (14.4.-22.4)"]
[Date "2012.04.16"]
[Round "3.61"]
[White "Schumacher, Helmut(31)"]
[Black "Pastowski, Werner"]
[Result "1/2-1/2"]
[WhiteElo "1847"]
[BlackElo "1505"]
[PlyCount "78"]
[EventDate "2012.04.??"]
[EventType "swiss"]
[EventRounds "9"]
[EventCountry "GER"]
[WhiteTeam "Aachen St. Josef DJK"]
[BlackTeam "Schmalkalden 04 SV"]

1. d4 Nf6 2. Nc3 e6 3. e4 d5 4. Bg5 Be7 5. e5 Nfd7 6. Bxe7 Qxe7 7. f4 c5 8. Nb5
O-O 9. Nc7 cxd4 10. Nxa8 Qb4+ 11. Qd2 Qxb2 12. Rd1 Nc6 13. Nf3 f6 14. Nc7 Nc5
15. exf6 Rxf6 16. Bd3 Ne4 17. Bxe4 dxe4 18. Nxd4 Bd7 19. c3 Qb6 20. Ncb5 Ne7
21. Na3 Nd5 22. O-O e3 23. Qd3 Nxc3 24. Ne2 Nxd1 25. Rxd1 Bc6 26. Qd8+ Qxd8 27.
Rxd8+ Kf7 28. Nb1 e5 29. fxe5 Rf2 30. Nbc3 Rxg2+ 31. Kf1 Rxh2 32. Rd3 Rh3 33.
Nf4 e2+ 34. Kxe2 Rh2+ 35. Ke3 Rh3+ 36. Kd2 Rh2+ 37. Nfe2 Bd5 38. a3 a6 39. Re3
Be6 1/2-1/2

[Event "Hessen Senioren-ch 2012  8th"]
[Site "Bad Sooden-Adf. (14.4.-22.4)"]
[Date "2012.04.16"]
[Round "3.62"]
[White "Voermans, Adri"]
[Black "Klose, Hans-Peter"]
[Result "1-0"]
[WhiteElo "1906"]
[BlackElo "1442"]
[PlyCount "74"]
[EventDate "2012.04.??"]
[EventType "swiss"]
[EventRounds "9"]
[EventCountry "GER"]
[WhiteTeam "NED/Den Haag DD"]
[BlackTeam "Göttingen Rot-Weiß ESV"]
[WhiteTeamCountry "NED"]

1. d4 Nf6 2. c4 g6 3. Nc3 Bg7 4. e4 d6 5. Bd3 O-O 6. h3 e5 7. d5 a5 8. Be3 Na6
9. a3 Bd7 10. Nge2 b6 11. O-O Qc8 12. f3 Rb8 13. g4 h6 14. Nb5 Ra8 15. Qd2 Kh7
16. Nec3 Nc5 17. Bc2 a4 18. Bxc5 bxc5 19. Bxa4 Ne8 20. Bc2 Qd8 21. Qf2 Bf6 22.
Kg2 Bh4 23. Qd2 Bg5 24. Qd3 Bf4 25. Ne2 Qf6 26. Nxf4 Qxf4 27. Nc3 Qf6 28. Ne2
c6 29. Kg3 h5 30. f4 exf4+ 31. Nxf4 Qe5 32. Qe3 h4+ 33. Kg2 Nc7 34. Qc3 Kg7 35.
Qxe5+ dxe5 36. Nd3 cxd5 37. Nxe5 Rad8 1-0

[Event "Hessen Senioren-ch 2012  8th"]
[Site "Bad Sooden-Adf. (14.4.-22.4)"]
[Date "2012.04.16"]
[Round "3.63"]
[White "Ludwig, Richard(44)"]
[Black "Klein, Klaus(36)"]
[Result "0-1"]
[WhiteElo "1497"]
[BlackElo "1823"]
[PlyCount "80"]
[EventDate "2012.04.??"]
[EventType "swiss"]
[EventRounds "9"]
[EventCountry "GER"]
[WhiteTeam "Irxleben SV"]
[BlackTeam "Heidelberg SF"]

1. e4 c6 2. d4 d5 3. Nc3 dxe4 4. Nxe4 Bf5 5. Ng3 Bg6 6. c3 e6 7. Nf3 Nd7 8. Bd3
Bd6 9. Ne4 Bxe4 10. Bxe4 Ngf6 11. Bg5 Qb6 12. Bd3 Qxb2 13. Bd2 Qb6 14. h3 Qc7
15. O-O O-O 16. Qc2 Bf4 17. Rfe1 c5 18. Ng5 Bxg5 19. Bxg5 cxd4 20. cxd4 Qxc2
21. Bxc2 h6 22. Be3 Rfc8 23. Bb3 Nd5 24. Bd2 N7f6 25. f3 b5 26. a3 a5 27. Rac1
a4 28. Ba2 Kf8 29. Rc5 Rxc5 30. dxc5 Rc8 31. Rc1 Nd7 32. Bxd5 exd5 33. Bb4 Rc6
34. Rd1 Nf6 35. Kf2 Ke7 36. Rd2 Kd7 37. Ke3 Re6+ 38. Kf2 Kc6 39. Re2 Rxe2+ 40.
Kxe2 Nd7 0-1

[Event "Hessen Senioren-ch 2012  8th"]
[Site "Bad Sooden-Adf. (14.4.-22.4)"]
[Date "2012.04.16"]
[Round "3.64"]
[White "Reimann, Guenther"]
[Black "Auerswald, Gottfried Dr"]
[Result "1/2-1/2"]
[WhiteElo "1779"]
[BlackElo "1499"]
[PlyCount "59"]
[EventDate "2012.04.??"]
[EventType "swiss"]
[EventRounds "9"]
[EventCountry "GER"]
[WhiteTeam "Magstadt SC"]
[BlackTeam "Dingelstädt SK"]

1. c4 c5 2. Nf3 Nf6 3. g3 Nc6 4. Bg2 g6 5. d3 Bg7 6. Nbd2 O-O 7. O-O d6 8. Re1
Re8 9. Rb1 a6 10. a3 Rb8 11. b3 Bd7 12. Bb2 Qc8 13. Ng5 h6 14. Nge4 Nxe4 15.
Nxe4 Bh3 16. Bxg7 Kxg7 17. Qd2 Bxg2 18. Kxg2 Kh7 19. f3 f5 20. Nf2 e6 21. e3 e5
22. Nd1 Ne7 23. Nc3 Qc6 24. Kf2 d5 25. cxd5 Nxd5 26. Rbc1 b6 27. Red1 Rbd8 28.
Qc2 Rd7 29. Nxd5 Qxd5 30. Qc4 1/2-1/2

[Event "Hessen Senioren-ch 2012  8th"]
[Site "Bad Sooden-Adf. (14.4.-22.4)"]
[Date "2012.04.16"]
[Round "3.65"]
[White "Daebel, Hasso Dr"]
[Black "Rollwitz, Juergen"]
[Result "1/2-1/2"]
[WhiteElo "1473"]
[BlackElo "1755"]
[PlyCount "103"]
[EventDate "2012.04.??"]
[EventType "swiss"]
[EventRounds "9"]
[EventCountry "GER"]
[WhiteTeam "Drewer 54 SG"]
[BlackTeam "Berlin Wedding SG"]

1. Nf3 g6 2. d4 Bg7 3. c3 c5 4. Be3 cxd4 5. Bxd4 Nf6 6. Nbd2 Nc6 7. Nb3 O-O 8.
Ne5 Nxe5 9. Bxe5 d6 10. Bg3 b6 11. f3 Bb7 12. Qc2 Qc7 13. e4 Rac8 14. Bd3 e5
15. O-O d5 16. Qe2 dxe4 17. fxe4 Nh5 18. Rf3 Nxg3 19. Rxg3 Rce8 20. Rf1 Bc8 21.
Bc4 Be6 22. Bxe6 Rxe6 23. Kh1 Rf6 24. Rgf3 Rxf3 25. gxf3 f5 26. Nd2 f4 27. Qc4+
Qxc4 28. Nxc4 Rd8 29. Rf2 Kf7 30. Kg2 Ke6 31. Rd2 Rxd2+ 32. Nxd2 Bf6 33. b4 Kd6
34. a4 Kc6 35. Nb3 Bd8 36. c4 a6 37. Kf1 h5 38. Ke2 g5 39. h3 Be7 40. b5+ axb5
41. axb5+ Kc7 42. Kd3 Bb4 43. Ke2 Kd6 44. Kd3 Ke6 45. Ke2 Ke7 46. Nc1 Kd6 47.
Nd3 Bc5 48. Kd2 Bd4 49. Kc2 Be3 50. Kc3 Bd4+ 51. Kb4 Be3 52. Kc3 1/2-1/2

[Event "Hessen Senioren-ch 2012  8th"]
[Site "Bad Sooden-Adf. (14.4.-22.4)"]
[Date "2012.04.16"]
[Round "3.66"]
[White "Mittelstaedt, Ewald"]
[Black "Wulf, Adalbert"]
[Result "0-1"]
[WhiteElo "1405"]
[BlackElo "1751"]
[PlyCount "70"]
[EventDate "2012.04.??"]
[EventType "swiss"]
[EventRounds "9"]
[EventCountry "GER"]
[WhiteTeam "München Tarrasch SC"]
[BlackTeam "Ennigerloh-Oelde SV"]

1. d4 Nf6 2. Nf3 g6 3. c3 Bg7 4. Qc2 d5 5. Ne5 Nbd7 6. f4 e6 7. Nd2 O-O 8. e3
c5 9. Be2 Qc7 10. O-O b6 11. a4 a5 12. Bb5 Ba6 13. Nc6 Bxb5 14. axb5 Nb8 15.
Ne5 cxd4 16. exd4 Nbd7 17. Qd3 Rac8 18. Ra4 Qb7 19. Ndf3 Ne4 20. Nc6 Ndf6 21.
Nfe5 Nd6 22. Bd2 Rc7 23. Rfa1 Nfe4 24. Be1 f6 25. Nf3 Nxb5 26. Nxa5 bxa5 27.
Rxa5 Nbd6 28. b4 Rb8 29. Ra7 Qc8 30. Rxc7 Qxc7 31. Ra5 Qb7 32. Nd2 Nxd2 33.
Bxd2 Ra8 34. Rc5 Ne4 35. Rb5 Ra1+ 0-1

[Event "Hessen Senioren-ch 2012  8th"]
[Site "Bad Sooden-Adf. (14.4.-22.4)"]
[Date "2012.04.16"]
[Round "3.68"]
[White "Wolff, Heinz(37)"]
[Black "Boehme, Erich"]
[Result "1/2-1/2"]
[WhiteElo "1416"]
[BlackElo "1740"]
[PlyCount "57"]
[EventDate "2012.04.??"]
[EventType "swiss"]
[EventRounds "9"]
[EventCountry "GER"]
[WhiteTeam "Bad Langensalza SV"]
[BlackTeam "Stadtallendorf SK"]

1. c4 e5 2. Nc3 Nf6 3. d3 d5 4. cxd5 Nxd5 5. Nf3 Nc6 6. a3 Be6 7. e4 Nb6 8. Be3
Be7 9. d4 exd4 10. Nxd4 Nxd4 11. Bxd4 O-O 12. Be2 c5 13. Be3 a6 14. O-O Rc8 15.
Rc1 c4 16. Qxd8 Rfxd8 17. Bxb6 Rd2 18. Be3 Rxb2 19. Rfd1 Bxa3 20. Rb1 b5 21.
Rxb2 Bxb2 22. Nd5 Bxd5 23. exd5 c3 24. g3 c2 25. Rd3 c1=Q+ 26. Bxc1 Rxc1+ 27.
Kg2 Rc8 28. d6 Bf6 29. d7 1/2-1/2

[Event "Hessen Senioren-ch 2012  8th"]
[Site "Bad Sooden-Adf. (14.4.-22.4)"]
[Date "2012.04.16"]
[Round "3.69"]
[White "Smits, Oswald"]
[Black "Wauer, Klaus"]
[Result "1-0"]
[WhiteElo "1726"]
[BlackElo "1362"]
[PlyCount "57"]
[EventDate "2012.04.??"]
[EventType "swiss"]
[EventRounds "9"]
[EventCountry "GER"]
[WhiteTeam "Königstein/Schwalbach Sfr."]
[BlackTeam "Nordhausen 51 SC"]

1. d4 d5 2. Nf3 c6 3. Nbd2 Bf5 4. e3 e6 5. c3 Nd7 6. Be2 Ngf6 7. Nh4 Bg6 8.
Nxg6 hxg6 9. Qb3 Qc7 10. g3 c5 11. dxc5 Bxc5 12. Nf3 Ne4 13. Bd3 Nd6 14. Qc2
Qc6 15. Nd4 Bxd4 16. exd4 Rc8 17. O-O Nf5 18. Qe2 a6 19. Bf4 Ke7 20. Rac1 Rh7
21. g4 Nd6 22. Rfe1 Nf8 23. b3 Nb5 24. Bxb5 Qxb5 25. c4 dxc4 26. bxc4 Qe8 27.
c5 Kd7 28. Rb1 Rb8 29. Qe5 1-0

[Event "Hessen Senioren-ch 2012  8th"]
[Site "Bad Sooden-Adf. (14.4.-22.4)"]
[Date "2012.04.16"]
[Round "3.70"]
[White "Schneider, Miloca"]
[Black "Geibel, Henning"]
[Result "1-0"]
[WhiteElo "1706"]
[BlackElo "1237"]
[PlyCount "79"]
[EventDate "2012.04.??"]
[EventType "swiss"]
[EventRounds "9"]
[EventCountry "GER"]
[WhiteTeam "Witten SG"]
[BlackTeam "Bargteheide SV"]

1. Nf3 d5 2. d4 Bf5 3. g3 Nf6 4. Bg2 e6 5. Bg5 Be7 6. Bxf6 Bxf6 7. Nbd2 O-O 8.
O-O Nc6 9. c3 b5 10. Re1 b4 11. e4 dxe4 12. Nxe4 bxc3 13. bxc3 Be7 14. Qa4 Qe8
15. Nfd2 Rb8 16. Rab1 Rxb1 17. Rxb1 Bf6 18. Nxf6+ gxf6 19. Bxc6 Qe7 20. Be4 Bg6
21. Qxa7 f5 22. Bd3 Qd6 23. Nf3 f4 24. Bxg6 hxg6 25. Rb8 Qc6 26. Rxf8+ Kxf8 27.
Qa3+ Kg7 28. Ne5 Qe4 29. Qc1 f3 30. h4 Qf5 31. Qd1 c5 32. Nxf3 cxd4 33. Qxd4+
f6 34. Nd2 Qc2 35. a4 e5 36. Qd7+ Kh6 37. c4 Qd1+ 38. Kg2 e4 39. Qd4 f5 40.
Qh8# 1-0

[Event "Hessen Senioren-ch 2012  8th"]
[Site "Bad Sooden-Adf. (14.4.-22.4)"]
[Date "2012.04.16"]
[Round "3.71"]
[White "Borkenhagen, Bernd"]
[Black "Wieprecht, Gerhard"]
[Result "0-1"]
[WhiteElo "1358"]
[BlackElo "1717"]
[PlyCount "108"]
[EventDate "2012.04.??"]
[EventType "swiss"]
[EventRounds "9"]
[EventCountry "GER"]
[WhiteTeam "Hamelner SV"]
[BlackTeam "Kassel CAISSA SV"]

1. d4 Nf6 2. e3 e6 3. Bd3 d5 4. Nd2 Nbd7 5. Ngf3 c5 6. c3 Bd6 7. h3 O-O 8. O-O
e5 9. dxe5 Nxe5 10. Nxe5 Bxe5 11. Nf3 Bc7 12. Qc2 h6 13. Bf5 Re8 14. Bxc8 Rxc8
15. Rd1 Qe7 16. b3 Rcd8 17. Bb2 Ne4 18. c4 dxc4 19. Qxc4 b6 20. Qc2 Ng5 21.
Nxg5 Qxg5 22. Rxd8 Rxd8 23. Rd1 Qe7 24. Rxd8+ Qxd8 25. Qe2 Qd7 26. Bc3 Qd6 27.
g3 Qe6 28. Kh2 Qd7 29. Qd2 Qxd2 30. Bxd2 f6 31. Kg2 Kf7 32. Kf3 Ke6 33. Ke4 b5
34. Kd3 f5 35. h4 g5 36. hxg5 hxg5 37. f4 gxf4 38. gxf4 Kd5 39. Bc3 c4+ 40.
bxc4+ bxc4+ 41. Ke2 Bb6 42. Kf3 Bc5 43. a4 a6 44. Ba5 Ba3 45. Bc3 Bc1 46. a5
Ba3 47. Bd2 Bb2 48. e4+ fxe4+ 49. Ke2 c3 50. Be3 c2 51. f5 c1=Q 52. Bxc1 Bxc1
53. Kd1 Bh6 54. Ke2 Ke5 0-1

[Event "Hessen Senioren-ch 2012  8th"]
[Site "Bad Sooden-Adf. (14.4.-22.4)"]
[Date "2012.04.16"]
[Round "3.72"]
[White "Merettig, Georg"]
[Black "Semisch, Helga"]
[Result "1-0"]
[WhiteElo "1748"]
[BlackElo "1256"]
[PlyCount "35"]
[EventDate "2012.04.??"]
[EventType "swiss"]
[EventRounds "9"]
[EventCountry "GER"]
[WhiteTeam "Wolfenbüttel Caissa SV"]
[BlackTeam "Schmalkalden 04 SV"]

1. Nc3 Nf6 2. f4 e6 3. e4 a6 4. d4 d6 5. Bd3 Nc6 6. Nf3 h6 7. O-O g6 8. Ne2 Bg7
9. Ng3 Ne7 10. f5 O-O 11. e5 Nfd5 12. f6 Bxf6 13. exf6 Nxf6 14. Bxh6 Re8 15.
Ng5 Nh7 16. Nxh7 Kxh7 17. Rxf7+ Kg8 18. Qf3 1-0

[Event "Hessen Senioren-ch 2012  8th"]
[Site "Bad Sooden-Adf. (14.4.-22.4)"]
[Date "2012.04.16"]
[Round "3.73"]
[White "Wernitz, Armin"]
[Black "Rehder, Frank"]
[Result "0-1"]
[WhiteElo "1328"]
[BlackElo "1705"]
[PlyCount "104"]
[EventDate "2012.04.??"]
[EventType "swiss"]
[EventRounds "9"]
[EventCountry "GER"]
[WhiteTeam "Brandenburg Post SpV"]
[BlackTeam "Berlin Zugzwang 95 SC"]

1. Nf3 Nf6 2. d4 g6 3. g3 Bg7 4. Bg2 O-O 5. O-O d6 6. Bf4 Nbd7 7. Nc3 Nh5 8.
Be3 f5 9. Qd2 Nb6 10. b3 Qe8 11. Bh6 e5 12. Bxg7 Kxg7 13. dxe5 dxe5 14. e4 f4
15. g4 Bxg4 16. h3 Rd8 17. Qe1 Bd7 18. Rd1 Qe7 19. Nd5 Nxd5 20. Rxd5 Rf6 21.
Nxe5 Be6 22. Rxd8 Qxd8 23. c4 Qe7 24. Qd2 Rf8 25. Nf3 Rd8 26. Qc3+ Kg8 27. Nd4
Qf6 28. Rd1 c5 29. Qa5 cxd4 30. e5 Qg5 31. Kh2 b6 32. Qxa7 Qxe5 33. Bf3 Qc5 34.
Qb7 Ng7 35. Qe4 Qd6 36. Re1 Re8 37. Rd1 Nf5 38. Qc6 Qxc6 39. Bxc6 Rd8 40. Be4
Nh4 41. Rd3 Kg7 42. f3 Kf6 43. a3 Nf5 44. Kg2 Ne3+ 45. Kh2 h6 46. h4 g5 47.
hxg5+ Kxg5 48. a4 Bf5 49. Bxf5 Nxf5 50. Kh3 Re8 51. Kg2 Re3 52. Rd2 Rxb3 0-1

[Event "Hessen Senioren-ch 2012  8th"]
[Site "Bad Sooden-Adf. (14.4.-22.4)"]
[Date "2012.04.16"]
[Round "3.74"]
[White "Matrisch, Gerd"]
[Black "Winkler, Werner"]
[Result "1-0"]
[WhiteElo "1737"]
[BlackElo "1513"]
[PlyCount "35"]
[EventDate "2012.04.??"]
[EventType "swiss"]
[EventRounds "9"]
[EventCountry "GER"]
[WhiteTeam "Wanne-Eickel SV"]
[BlackTeam "Bad Sooden-Allendorf SK"]

1. e4 e5 2. Bc4 Nf6 3. d4 Nc6 4. Nf3 d6 5. Ng5 d5 6. exd5 Nxd5 7. dxe5 Nce7 8.
Nc3 h6 9. Nxf7 Kxf7 10. Nxd5 Nxd5 11. Bxd5+ Be6 12. Qh5+ Ke7 13. Bxe6 Kxe6 14.
O-O Bc5 15. Qg6+ Kxe5 16. Re1+ Kd5 17. Qe6+ Kd4 18. Qe4# 1-0

[Event "Hessen Senioren-ch 2012  8th"]
[Site "Bad Sooden-Adf. (14.4.-22.4)"]
[Date "2012.04.16"]
[Round "3.75"]
[White "Brahn, Roswitha"]
[Black "Hoffmann, Erich(36)"]
[Result "0-1"]
[WhiteElo "1014"]
[BlackElo "1736"]
[PlyCount "68"]
[EventDate "2012.04.??"]
[EventType "swiss"]
[EventRounds "9"]
[EventCountry "GER"]
[WhiteTeam "Burghaun SG"]
[BlackTeam "Bergeborbeck DJK"]

1. c4 Nf6 2. Nf3 g6 3. Nc3 Bg7 4. d3 Nc6 5. e3 O-O 6. Be2 d6 7. h3 e5 8. Bd2
Re8 9. a3 a5 10. O-O h6 11. Re1 Bd7 12. e4 Nd4 13. Nxd4 exd4 14. Nd5 Nxd5 15.
cxd5 Qh4 16. Bg4 Bxg4 17. Qxg4 Qxg4 18. hxg4 g5 19. f4 f6 20. f5 c5 21. Rac1 b5
22. b4 axb4 23. axb4 Ra2 24. Red1 Bf8 25. Ra1 Rea8 26. Rxa2 Rxa2 27. Be1 Be7
28. Kf1 Bd8 29. Rd2 Ra1 30. Ke2 cxb4 31. Rd1 Ra2+ 32. Rd2 b3 33. Kf1 Rxd2 34.
Bxd2 b2 0-1

[Event "Hessen Senioren-ch 2012  8th"]
[Site "Bad Sooden-Adf. (14.4.-22.4)"]
[Date "2012.04.16"]
[Round "3.76"]
[White "Etzold, Walter"]
[Black "Maczollek, Helmut"]
[Result "1-0"]
[WhiteElo "1995"]
[BlackElo "1412"]
[PlyCount "47"]
[EventDate "2012.04.??"]
[EventType "swiss"]
[EventRounds "9"]
[EventCountry "GER"]
[WhiteTeam "Langenberg(Gera) Elstertal SZ"]
[BlackTeam "Lage Turm SK"]

1. d4 d5 2. Nf3 Nf6 3. c4 e6 4. Nc3 c5 5. cxd5 cxd4 6. Qxd4 Be7 7. dxe6 Bxe6 8.
Qxd8+ Bxd8 9. Nd4 Bd7 10. Bf4 O-O 11. e3 Nc6 12. Nxc6 Bxc6 13. f3 Ba5 14. Be5
Nd5 15. Bd4 Rfe8 16. Kf2 Nxc3 17. bxc3 Bb6 18. Bd3 Re7 19. Rhe1 Rd8 20. Rad1 g6
21. Bf6 Rxd3 22. Rxd3 Rd7 23. Rxd7 Bxd7 24. Bd4 1-0

[Event "Hessen Senioren-ch 2012  8th"]
[Site "Bad Sooden-Adf. (14.4.-22.4)"]
[Date "2012.04.16"]
[Round "3.77"]
[White "Straschnej, Paul"]
[Black "Achenbach, Manfred"]
[Result "0-1"]
[WhiteElo "1538"]
[BlackElo "1989"]
[PlyCount "88"]
[EventDate "2012.04.??"]
[EventType "swiss"]
[EventRounds "9"]
[EventCountry "GER"]
[WhiteTeam "Bad Emstal Sfr."]
[BlackTeam "Mülheim 08/25 SC"]

1. d4 c5 2. e3 g6 3. Nf3 Bg7 4. c4 Nf6 5. Nc3 O-O 6. Be2 cxd4 7. exd4 d5 8. O-O
Nc6 9. b3 Bf5 10. a3 Rc8 11. Be3 a6 12. c5 Ne4 13. Na4 Qc7 14. Nh4 Be6 15. Nf3
Bg4 16. b4 Bxf3 17. Bxf3 e5 18. Bxe4 exd4 19. Bf4 Qxf4 20. Bxd5 Rcd8 21. Nb6
Qc7 22. Rb1 Ne7 23. Bc4 Qf4 24. Rb3 Nf5 25. Rd3 Kh8 26. Qb3 Qe4 27. g3 Ne7 28.
Rf3 f5 29. Rd3 f4 30. f3 Qe5 31. g4 Nc6 32. Bd5 Qg5 33. Rf2 Rfe8 34. Be4 Ne5
35. Rd1 Nc6 36. h3 d3 37. Kh1 Qh4 38. Rg2 d2 39. Qf7 Rxe4 40. fxe4 Qxh3+ 41.
Rh2 Qf3+ 42. Rg2 Qxd1+ 43. Kh2 Qe1 44. Rxd2 Rxd2+ 0-1

[Event "Hessen Senioren-ch 2012  8th"]
[Site "Bad Sooden-Adf. (14.4.-22.4)"]
[Date "2012.04.16"]
[Round "3.78"]
[White "Van Houten, Henk"]
[Black "Kleist, Werner(35)"]
[Result "0-1"]
[WhiteElo "1464"]
[BlackElo "1480"]
[PlyCount "42"]
[EventDate "2012.04.??"]
[EventType "swiss"]
[EventRounds "9"]
[EventCountry "GER"]
[WhiteTeam "Gronau 1920 SC"]
[BlackTeam "GER/Berlin"]

1. b3 d5 2. Bb2 Nc6 3. e3 a6 4. a3 e5 5. d3 Nf6 6. Nd2 Bd6 7. g3 O-O 8. Bg2 Bg4
9. f3 Bh5 10. Ne2 Qe7 11. b4 a5 12. b5 Na7 13. a4 Bc5 14. Kf2 Rfe8 15. Nb3 Bb6
16. Qd2 c5 17. Ba3 Qc7 18. c4 Rad8 19. Rac1 Bg6 20. cxd5 Rxd5 21. Rc4 Bxd3 0-1

[Event "Hessen Senioren-ch 2012  8th"]
[Site "Bad Sooden-Adf. (14.4.-22.4)"]
[Date "2012.04.16"]
[Round "3.79"]
[White "Krotofil, Kurt"]
[Black "Schneider, Hans(31)"]
[Result "1-0"]
[WhiteElo "1880"]
[BlackElo "1491"]
[PlyCount "63"]
[EventDate "2012.04.??"]
[EventType "swiss"]
[EventRounds "9"]
[EventCountry "GER"]
[WhiteTeam "Hamburg Niendorfer TSV"]
[BlackTeam "Oberhausen SW SV"]

1. d4 Nf6 2. c4 e5 3. dxe5 Ng4 4. Bf4 Nc6 5. Nf3 Bb4+ 6. Nc3 Qe7 7. Qd5 Bxc3+
8. bxc3 f6 9. exf6 Nxf6 10. Qd3 d6 11. e3 O-O 12. Be2 b6 13. Bg5 Qe4 14. Qd1
Bb7 15. Bxf6 Rxf6 16. Qd5+ Qxd5 17. cxd5 Ne7 18. c4 Raf8 19. O-O Ba6 20. Nd4
Rb8 21. a4 c6 22. dxc6 d5 23. cxd5 Bxe2 24. Nxe2 Nxd5 25. Rfd1 Nb4 26. c7 Rc8
27. Rd8+ Rf8 28. Rxf8+ Rxf8 29. Rd1 Na6 30. Rd7 h6 31. Nd4 Re8 32. Nb5 1-0

[Event "Hessen Senioren-ch 2012  8th"]
[Site "Bad Sooden-Adf. (14.4.-22.4)"]
[Date "2012.04.16"]
[Round "3.80"]
[White "Graffenberger, Wilhelm"]
[Black "Oldach, Ehrenfried"]
[Result "0-1"]
[WhiteElo "1484"]
[BlackElo "1872"]
[PlyCount "82"]
[EventDate "2012.04.??"]
[EventType "swiss"]
[EventRounds "9"]
[EventCountry "GER"]
[WhiteTeam "Hamburger SK"]
[BlackTeam "Warnemünde SF"]

1. d4 Nf6 2. Nf3 d5 3. e3 Bf5 4. Be2 c6 5. Nbd2 e6 6. O-O Bd6 7. Re1 h6 8. Ne5
Nbd7 9. Ndf3 Qc7 10. Nxd7 Kxd7 11. Bd3 g5 12. Bxf5 exf5 13. b3 g4 14. Ne5+ Bxe5
15. dxe5 Qxe5 16. Ba3 Ke6 17. Rb1 Rhd8 18. Bb2 Qe4 19. Bxf6 Kxf6 20. Qd4+ Qxd4
21. exd4 Re8 22. Kf1 Re4 23. c3 Rae8 24. Rxe4 fxe4 25. Re1 Kg5 26. f3 f5 27.
fxg4 fxg4 28. Kf2 Re7 29. Ke3 Rf7 30. Re2 h5 31. c4 h4 32. cxd5 cxd5 33. Rc2 h3
34. g3 Rf3+ 35. Ke2 Rd3 36. Rd2 Rc3 37. Kd1 Kf5 38. Rf2+ Rf3 39. Re2 e3 40. Rc2
Ke4 41. Rc7 Kd3 0-1

[Event "Hessen Senioren-ch 2012  8th"]
[Site "Bad Sooden-Adf. (14.4.-22.4)"]
[Date "2012.04.16"]
[Round "3.81"]
[White "Gudat, Alfons"]
[Black "Hespers, Rolf"]
[Result "1-0"]
[WhiteElo "1843"]
[BlackElo "1465"]
[PlyCount "97"]
[EventDate "2012.04.??"]
[EventType "swiss"]
[EventRounds "9"]
[EventCountry "GER"]
[WhiteTeam "Oldenburg SK"]
[BlackTeam "Weida(Thür) Osterburg TuS"]

1. e4 c5 2. Nf3 Nc6 3. Bb5 d6 4. O-O Bd7 5. c3 Nf6 6. Re1 a6 7. Ba4 b5 8. Bc2
e5 9. h3 Be7 10. d4 cxd4 11. cxd4 O-O 12. Nc3 Rc8 13. Bg5 h6 14. Bh4 Ne8 15.
Bxe7 Qxe7 16. Nd5 Qd8 17. Bb3 Be6 18. a4 b4 19. a5 Nxa5 20. Rxa5 Qxa5 21. Ne7+
Kh8 22. Bxe6 Rc7 23. Nd5 fxe6 24. Nxc7 Qxc7 25. Qb3 exd4 26. Nxd4 e5 27. Nf5
Qc5 28. Qe3 Qxe3 29. Nxe3 Rf7 30. Ra1 Ra7 31. Nd5 Nf6 32. Nxb4 Nxe4 33. Rxa6
Rb7 34. Nd3 Rb3 35. Ra3 Rb6 36. b4 Nf6 37. f3 Nd5 38. Ra8+ Kh7 39. Rd8 Nf6 40.
Kf2 e4 41. fxe4 Nxe4+ 42. Ke3 Nf6 43. Kd4 Kg6 44. Rc8 h5 45. Kc4 Kf5 46. b5 Ke6
47. Ra8 Rb7 48. Ra6 g5 49. Nc5+ 1-0

[Event "Hessen Senioren-ch 2012  8th"]
[Site "Bad Sooden-Adf. (14.4.-22.4)"]
[Date "2012.04.16"]
[Round "3.82"]
[White "Schwertel, Johann"]
[Black "Stratmann, Alois"]
[Result "1/2-1/2"]
[WhiteElo "1895"]
[BlackElo "1382"]
[PlyCount "36"]
[EventDate "2012.04.??"]
[EventType "swiss"]
[EventRounds "9"]
[EventCountry "GER"]
[WhiteTeam "Koblenz 03/25 SV"]
[BlackTeam "Ahlen 1954 SV"]

1. d4 Nf6 2. Nf3 e6 3. g3 c5 4. Bg2 Nc6 5. O-O d5 6. c3 Be7 7. dxc5 Bxc5 8.
Nbd2 O-O 9. Nb3 Bb6 10. Bf4 Nh5 11. Bd2 Nf6 12. Bg5 Qe7 13. Nfd4 Nxd4 14. Nxd4
Bd8 15. e4 dxe4 16. Bxe4 h6 17. Bxf6 Qxf6 18. Qb3 Bb6 1/2-1/2

[Event "Hessen Senioren-ch 2012  8th"]
[Site "Bad Sooden-Adf. (14.4.-22.4)"]
[Date "2012.04.16"]
[Round "3.83"]
[White "Goepfart, Dietrich"]
[Black "Schlag, Franz"]
[Result "0-1"]
[WhiteElo "1438"]
[BlackElo "1837"]
[PlyCount "66"]
[EventDate "2012.04.??"]
[EventType "swiss"]
[EventRounds "9"]
[EventCountry "GER"]
[WhiteTeam "Weimar Vimaria 91 SSV"]
[BlackTeam "Bad Hersfeld SK"]

1. e4 e5 2. Nf3 d6 3. Nc3 Bg4 4. Be2 Nd7 5. d3 c6 6. Bd2 Ngf6 7. h3 Bh5 8. Nh2
Bxe2 9. Qxe2 Be7 10. O-O O-O 11. f4 h6 12. f5 a6 13. Qf3 Qb6+ 14. Kh1 Qxb2 15.
Rfc1 Qb6 16. Be3 Qa5 17. Ne2 d5 18. Ng3 Qa4 19. Ng4 Kh7 20. Nxf6+ Nxf6 21. Nh5
Nxh5 22. Qxh5 dxe4 23. g4 exd3 24. cxd3 Qb5 25. f6 Qd5+ 26. Kg1 Bxf6 27. g5
Qxd3 28. Re1 Be7 29. Qg4 Qg6 30. h4 f5 31. Qg2 f4 32. Bd2 Bc5+ 33. Kh1 Rae8 0-1

[Event "Hessen Senioren-ch 2012  8th"]
[Site "Bad Sooden-Adf. (14.4.-22.4)"]
[Date "2012.04.16"]
[Round "3.84"]
[White "Mentel, Juergen Dr"]
[Black "Knobling, Rolf"]
[Result "1-0"]
[WhiteElo "1879"]
[BlackElo "1346"]
[PlyCount "95"]
[EventDate "2012.04.??"]
[EventType "swiss"]
[EventRounds "9"]
[EventCountry "GER"]
[WhiteTeam "Greifswalder SV"]
[BlackTeam "Erfurt USV"]

1. e4 c5 2. Nf3 Nc6 3. Bb5 a6 4. Bxc6 bxc6 5. d4 cxd4 6. Qxd4 d6 7. e5 d5 8.
O-O e6 9. Rd1 c5 10. Qg4 h6 11. c3 Ne7 12. Nbd2 Ng6 13. Qa4+ Bd7 14. Qc2 Be7
15. Nf1 Qc7 16. Re1 O-O 17. a3 Rfc8 18. h4 Nh8 19. N1h2 f5 20. exf6 Bxf6 21.
Ng4 Rf8 22. Bf4 Qc8 23. Be5 Bxe5 24. Nfxe5 Be8 25. Qe2 Rf5 26. f4 c4 27. Qe3 h5
28. Nh2 Qc7 29. Nef3 Rf6 30. Ng5 Rc8 31. Ngf3 Bd7 32. Qe2 Re8 33. Ne5 g6 34.
Qe3 a5 35. Nxd7 Qxd7 36. Qb6 a4 37. Re2 Nf7 38. Rae1 Nd8 39. Nf3 Nf7 40. Nd4
Nd8 41. Re5 Kf7 42. Nb5 Nb7 43. Qxb7 Qxb7 44. Nd6+ Ke7 45. Nxb7 Rb8 46. Nc5
Rxb2 47. R1e2 Rxe2 48. Rxe2 1-0